[Event "Rochefort 2017 - Accession - 18/02/17 - "]
[Site "Palais des congrès"]
[Date "2017.02.18"]
[Round "9.3"]
[White "Lauron, Wesley"]
[Black "Fernandez, Leon"]
[Result "0-1"]
[WhiteElo "1796"]
[BlackElo "1840"]
[PlyCount "90"]
[EventDate "2017.??.??"]

1. e4 e6 2. d4 d5 3. Nd2 Nf6 4. e5 Nfd7 5. Bd3 c5 6. c3 Nc6 7. Ne2 cxd4 8. cxd4
f6 9. exf6 Nxf6 10. Nf3 Bd6 11. a3 Qc7 (11... Bc7) 12. O-O O-O 13. Ng3 Bd7 14.
b4 e5 15. dxe5 Nxe5 16. Nxe5 Bxe5 17. Rb1 Rad8 18. Bb2 d4 19. Rc1 Qd6 20. Qb3+
Be6 21. Qa4 a6 22. Qd1 Nd5 23. Ne4 Qb8 24. Ng5 Bf5 25. g3 Qd6 26. Nf3 Bg4 27.
Bxh7+ Kh8 28. Be4 Qf6 29. Kg2 Nc3 30. Bxc3 dxc3 31. Qe2 Rd2 32. Qe3 Bxf3+ 33.
Qxf3 Qxf3+ 34. Bxf3 Bd4 35. Rcd1 b6 36. h4 Rc8 37. Bb7 Rc7 38. Bf3 Rxd1 39.
Rxd1 c2 40. Rxd4 c1=Q 41. Rd8+ Kh7 42. Be4+ g6 43. h5 Qxa3 44. hxg6+ Kg7 45.
Rd5 Qxb4 0-1

[Event "Rochefort 2017 - Accession - 18/02/17 - "]
[Site "Palais des congrès"]
[Date "2017.02.18"]
[Round "9.5"]
[White "Boursier, Xavier"]
[Black "Budak, Rezan"]
[Result "0-1"]
[WhiteElo "1949"]
[BlackElo "1791"]
[PlyCount "80"]
[EventDate "2017.??.??"]

1. e4 c5 2. Nc3 e6 3. f4 Nc6 4. Nf3 Nf6 5. d3 Be7 6. g3 d6 7. Bg2 Qc7 8. O-O
O-O 9. Kh1 a6 10. a4 Re8 11. Be3 Bf8 12. Bg1 Bd7 13. Nh4 Nd4 14. Ne2 Nxe2 15.
Qxe2 Rab8 16. c4 Bc6 17. Be3 b5 18. axb5 axb5 19. b3 bxc4 20. bxc4 Rb3 21. g4
Reb8 22. Rad1 Rb2 23. Qf3 d5 24. g5 dxe4 25. Qh3 Nd7 26. dxe4 R8b3 27. Rfe1 Qb7
28. f5 exf5 29. exf5 Ne5 30. g6 Bxg2+ 31. Nxg2 fxg6 32. fxg6 Nxg6 33. Kg1 Qe4
34. Rd8 Ra2 35. Qg3 Rbb2 36. Nf4 Rxh2 37. Qxh2 Rxh2 38. Kxh2 Qe7 39. Rdd1 Qh4+
40. Nh3 Ne5 0-1

[Event "Rochefort 2017 - Accession - 18/02/17 - "]
[Site "Palais des congrès"]
[Date "2017.02.18"]
[Round "9.7"]
[White "Barbotte, Pierre"]
[Black "Delabbey, Florian"]
[Result "0-1"]
[WhiteElo "1676"]
[BlackElo "1922"]
[PlyCount "48"]
[EventDate "2017.??.??"]

1. e4 c5 2. Nf3 Nc6 3. g3 g6 4. Bg2 Bg7 5. O-O d6 6. d3 Rb8 7. Nc3 b5 8. Ne2 e6
9. c3 Nge7 10. Be3 O-O 11. Qd2 a5 12. Bh6 Ba6 13. Bxg7 Kxg7 14. Rfc1 Qb6 15. b3
Rfd8 16. Qg5 f6 17. Qe3 e5 18. d4 cxd4 19. cxd4 b4 20. d5 Qxe3 21. fxe3 Bxe2
22. dxc6 Rbc8 23. c7 Rd7 24. Ng5 fxg5 0-1

[Event "Rochefort 2017 - Accession - 18/02/17 - "]
[Site "Palais des congrès"]
[Date "2017.02.18"]
[Round "9.8"]
[White "Garnier, Marcel"]
[Black "Favre, Bruno"]
[Result "1/2-1/2"]
[WhiteElo "1621"]
[BlackElo "1877"]
[PlyCount "61"]
[EventDate "2017.??.??"]

1. d4 Nf6 2. Nf3 d6 3. b3 Bg4 4. e3 d5 5. Bb2 e6 6. Bd3 Nbd7 7. O-O Ne4 8. c4
c6 9. Nc3 f5 10. Qc2 Bxf3 11. gxf3 Nxc3 12. Bxc3 Bd6 13. f4 Qh4 14. f3 g5 15.
Be1 Qh6 16. Bg3 gxf4 17. exf4 Bxf4 18. Rae1 Bxg3 19. hxg3 Rg8 20. Kg2 O-O-O 21.
cxd5 exd5 22. Bxf5 Qg7 23. Qf2 Rdf8 24. Re5 Kd8 25. Bxd7 Kxd7 26. Rfe1 Rf7 27.
f4 Qg4 28. Qf3 Qxf3+ 29. Kxf3 Rfg7 30. Rg1 Rg4 31. Rg2 1/2-1/2

[Event "Rochefort 2017 - Accession - 18/02/17 - "]
[Site "Palais des congrès"]
[Date "2017.02.18"]
[Round "9.9"]
[White "Banana, Adnane"]
[Black "Rocq, Christian"]
[Result "1/2-1/2"]
[WhiteElo "1861"]
[BlackElo "1781"]
[PlyCount "80"]
[EventDate "2017.??.??"]

1. e4 e6 2. d4 d5 3. Nd2 c5 4. exd5 Qxd5 5. Ngf3 cxd4 6. Bc4 Qd6 7. O-O Nf6 8.
Nb3 Nc6 9. Nbxd4 Nxd4 10. Nxd4 a6 11. c3 Qc7 12. Bb3 Bd6 13. f4 Bd7 14. c4
O-O-O 15. Be3 Bc5 16. Nc2 Bc6 17. Qe1 Be4 18. Bxc5 Qxc5+ 19. Kh1 Rd6 20. Rd1
Rxd1 21. Qxd1 Rd8 22. Qe2 Bd3 23. Qf2 Qh5 24. Re1 Be4 25. Ne3 Bc6 26. Rd1 Rxd1+
27. Bxd1 Qc5 28. Bf3 Ne4 29. Bxe4 Bxe4 30. Qd2 Qc7 31. Qf2 Qc5 32. h3 h6 33. b3
Qd4 34. Kh2 f5 35. Ng4 Qd6 36. Ne5 g5 37. g3 Qd8 38. Qc5+ Kb8 39. Qf8 Kc7 40.
Qc5+ Kb8 1/2-1/2

[Event "Rochefort 2017 - Accession - 18/02/17 - "]
[Site "Palais des congrès"]
[Date "2017.02.18"]
[Round "9.10"]
[White "Grandmougin, Olivier"]
[Black "Cazeaux, Didier"]
[Result "1-0"]
[WhiteElo "1842"]
[BlackElo "1751"]
[PlyCount "57"]
[EventDate "2017.??.??"]

1. f4 c5 2. Nf3 Nc6 3. e3 g6 4. d4 cxd4 5. exd4 Bg7 6. d5 Qa5+ 7. Nc3 Nb4 8.
Bc4 b5 9. Bb3 Bb7 10. Be3 Nh6 11. O-O Nf5 12. Bf2 Na6 13. Re1 b4 14. Ne4 O-O
15. c4 bxc3 16. bxc3 Nc7 17. Nc5 Bxd5 18. g4 Bxb3 19. axb3 Qxc3 20. Rc1 Qa5 21.
gxf5 d6 22. Nb7 Qxf5 23. Rxc7 Qxf4 24. Rexe7 Qg4+ 25. Bg3 h5 26. Kg2 h4 27. Rc4
Qh5 28. Rxh4 Qb5 29. Nxd6 1-0